Anxiety: A very short introduction (Record no. 395260)

MARC details
000 -LEADER
fixed length control field 00579 a2200217 4500
005 - DATE & TIME
control field 20260209105249.0
008 - FIXED-LENGTH DATA ELEMENTS--GENERAL INFORMATION
fixed length control field 260209b |||||||| |||| 00| 0 eng d
020 ## - ISBN
International Standard Book Number 9780199567157
Price Rs. 350.00
040 ## - CATALOGING SOURCE
Original cataloging agency VIVEKANANDA LIBRARY
082 ## - DDC NUMBER
Classification number 152.46
Book Number F877A
100 ## - MAIN ENTRY--PERSONAL NAME
Personal name Freeman, Daniel
245 ## - TITLE STATEMENT
Title Anxiety: A very short introduction
260 ## - PUBLICATION, DISTRIBUTION, ETC. (IMPRINT)
Name of publisher, distributor, etc Oxford University Press
Date of publication, distribution, etc 2012
Place of publication, distribution, etc United Kingdom
300 ## - PHYSICAL DESCRIPTION
Pages xiv, 155
650 ## - Subject
Subject Psychology
650 ## - Subject
Subject Sensory Perception
650 ## - Subject
Subject Movement- Emotions
650 ## - Subject
Subject Anxiety
700 ## - Added Entry Personal Name
Added Entry Personal Name Freeman, Jason
942 ## - ADDED ENTRY ELEMENTS (KOHA)
Koha item type Books
Holdings
Withdrawn status Lost status Source of classification or shelving scheme Damaged status Not for loan Location (home branch) Sublocation or collection (holding branch) Shelving location Date acquired Koha issues (times borrowed) Koha full call number Accession No. Koha date last seen Koha item type
    Dewey Decimal Classification     VIVEKANANDA LIBRARY VIVEKANANDA LIBRARY Vivekananda Library 22/01/2026 1 152.46 F877A 444473 26/03/2026 Books
© Designed and Maintained by Vivekananda Library, MDU Rohtak